<?xml version="1.0" encoding="UTF-8"?>
<marc:record xmlns:marc="http://www.loc.gov/MARC21/slim">
   <marc:leader>00000nam a2200000 a 4500</marc:leader>
   <marc:datafield ind1="1" ind2=" " tag="100">
      <marc:subfield code="a">Reisig, Jason</marc:subfield>
      <marc:subfield code="4">drt</marc:subfield>
      <marc:subfield code="e">Regisseur/-in</marc:subfield>
   </marc:datafield>
   <marc:datafield ind1="0" ind2="0" tag="245">
      <marc:subfield code="a">Smallfoot - Ein eisigartiges Abenteuer</marc:subfield>
   </marc:datafield>
   <marc:datafield ind1=" " ind2="1" tag="264">
      <marc:subfield code="a">Hamburg</marc:subfield>
      <marc:subfield code="b">Warner Home Video</marc:subfield>
      <marc:subfield code="c">2019</marc:subfield>
   </marc:datafield>
   <marc:datafield ind1="1" ind2=" " tag="520">
      <marc:subfield code="a">Als animiertes Abenteuer für jedes Alter mit origineller Musik und Starbesetzung stellt "Smallfoot: Ein eisigartiges Abenteuer" die Bigfoot-Legende auf den Kopf, als ein intelligenter junger Yeti (Channing Tatum) etwas findet, von dem er dachte, es würde nicht existieren: einen Menschen. Die Nachricht von diesem Smallfoot (James Corden) bringt ihm Ruhm und eine Chance beim Mädchen seiner Träume. Es bringt aber auch die einfache Yeti-Gemeinde in Aufruhr über das, was es sonst noch in der großen Welt jenseits ihres verschneiten Dorfes gibt - alles in einer ausgelassenen Geschichte über Freundschaft, Mut und Entdeckerfreude.</marc:subfield>
   </marc:datafield>
   <marc:datafield ind1=" " ind2=" " tag="338">
      <marc:subfield code="a">Videodisk</marc:subfield>
   </marc:datafield>
   <marc:datafield ind1=" " ind2=" " tag="300">
      <marc:subfield code="a">1 DVD</marc:subfield>
   </marc:datafield>
</marc:record>
